000 00669nam a22001937a 4500
999 _c4688
_d4688
003 AR-CdUCM
008 190311b ||||| |||| 00| 0 spa d
040 _aMUNICIPALIDAD PROVINCIAL DEL CUSCO
_cBIBLIOTECA MUNICIPAL DEL CUSCO
082 _a869.56 /
_bSA18T
100 _aSalazar Bondy, Sebastián
_9906
245 _aEl tacto de la araña ; Sombras como cosas sólidas :
_bpoemas 1960-1965 ; Sebastían Salazar por el mismo /
260 _aLima :
_bFrancisco Moncloa Editores,
_c1966.
300 _a68 páginas ;
_c19 cm.
500 _aDonación familia Nieto.
650 _aPoesías peruanas
_91481
650 _aSiglo XX
_98
942 _2ddc
_cLIBROS
945 _aafb